000 00420nam a2200157 i 4500
001 bg
100 1 _aKOLEŚNIK, Krystyna
245 0 _aSymulacja komputerowa /
_cKrystyna Koleśnik, Zbigniew Huzar, Zbigniew Fryźlewicz.
260 _aWrocław,
_c1977.
700 1 _aHUZAR, Zbigniew
700 1 _aFRYŹLEWICZ, Zbigniew
040 _cBPK
041 _apol
942 _cKS
008 s pl f |000 0 pol
999 _c17673
_d17673
856 _uhttp://koha.tu.koszalin.pl/cgi-bin/koha/opac-detail.pl?biblionumber=17673
_yKatalog online BPK